[Event "Voronezh op-B 17th"]
[Site "Voronezh"]
[Date "2013.06.17"]
[Round "7"]
[White "Shevshenko, Alexey"]
[Black "Klimentov, Evgeny"]
[Result "1-0"]
[WhiteElo "2214"]
[BlackElo "2006"]
[PlyCount "53"]
[EventDate "2013.06.12"]
[EventType "swiss"]
[EventRounds "9"]
[EventCountry "RUS"]
[SourceTitle "EXT 2014"]
[Source "ChessBase"]
[SourceDate "2013.11.20"]
[SourceVersion "1"]
[SourceVersionDate "2013.11.20"]
[SourceQuality "1"]

1. d4 Nf6 2. c4 g6 3. Nc3 Bg7 4. e4 d6 5. Nf3 0-0 6. h3 e5 7. d5 a5 8. Be3 Na6 9. g4 Nc5 10. Nd2 Ne8 11. h4 f5 12. g5 f4 13. Bxc5 dxc5 14. Qf3 Nd6 15. Bh3 Bd7 16. Bxd7 Qxd7 17. h5 Rfb8 18. Qh3 Qe7 19. Ke2 b5 20. cxb5 Nxb5 21. Nxb5 Rxb5 22. Nc4 Rab8 23. hxg6 hxg6 24. Qh7+ Kf7 25. Rh6 Qxg5 26. Rxg6 Rxb2+ 27. Kd3 1-0

[Event "Voronezh op-B 17th"]
[Site "Voronezh"]
[Date "2013.06.14"]
[Round "3"]
[White "Shuvalova, Polina"]
[Black "Shevshenko, Alexey"]
[Result "1-0"]
[WhiteElo "1983"]
[BlackElo "2214"]
[PlyCount "69"]
[EventDate "2013.06.12"]
[EventType "swiss"]
[EventRounds "9"]
[EventCountry "RUS"]
[SourceTitle "EXT 2014"]
[Source "ChessBase"]
[SourceDate "2013.11.20"]
[SourceVersion "1"]
[SourceVersionDate "2013.11.20"]
[SourceQuality "1"]

1. e4 e5 2. Nf3 Nc6 3. Nc3 Nf6 4. Bb5 Bb4 5. 0-0 0-0 6. d3 d6 7. Bg5 Bxc3 8. bxc3 Qe7 9. Re1 Nd8 10. d4 c6 11. Bf1 Ne6 12. Bc1 Qc7 13. g3 c5 14. d5 Nd8 15. Nh4 Ne8 16. c4 g6 17. f4 f6 18. f5 gxf5 19. Nxf5 Bxf5 20. exf5 Ng7 21. Bd3 Kf7 22. g4 Ke8 23. g5 fxg5 24. Bxg5 Nf7 25. Bh4 Qd7 26. Rf1 Rg8 27. Kh1 Kf8 28. Qf3 h6 29. f6 Ne8 30. Bf5 Qa4 31. Qe4 Qa5 32. Be6 Qc7 33. Rg1 Rh8 34. Qg6 b5 35. Rg2 1-0

[Event "Voronezh op-B 17th"]
[Site "Voronezh"]
[Date "2013.06.12"]
[Round "1"]
[White "Pavlova, Nataliy"]
[Black "Shevshenko, Alexey"]
[Result "1-0"]
[WhiteElo "1948"]
[BlackElo "2214"]
[PlyCount "91"]
[EventDate "2013.06.12"]
[EventType "swiss"]
[EventRounds "9"]
[EventCountry "RUS"]
[SourceTitle "EXT 2014"]
[Source "ChessBase"]
[SourceDate "2013.11.20"]
[SourceVersion "1"]
[SourceVersionDate "2013.11.20"]
[SourceQuality "1"]

1. e4 e5 2. Nf3 Nc6 3. d4 exd4 4. Bc4 Nf6 5. e5 d5 6. Bb5 Ne4 7. Nxd4 Bd7 8. Bxc6 bxc6 9. 0-0 Bc5 10. f3 Ng5 11. Be3 Bb6 12. f4 Ne4 13. Nd2 Nxd2 14. Qxd2 c5 15. Nf3 d4 16. Bf2 Bc6 17. f5 Qd5 18. Qg5 h6 19. Qg4 0-0-0 20. Rfe1 g6 21. fxg6+ Bd7 22. Qe4 Qxe4 23. Rxe4 fxg6 24. e6 Bc6 25. Re5 c4 26. Rd1 d3 27. cxd3 cxd3 28. Bxb6 axb6 29. Re3 Bxf3 30. Rxf3 Rhe8 31. Rf6 Rg8 32. e7 Rde8 33. Rf7 Kd7 34. Rxd3+ Ke6 35. Rh7 h5 36. Kf2 c5 37. Kg3 b5 38. Kh4 c4 39. Re3+ Kd6 40. Rf3 Ke6 41. a3 Rc8 42. Kg5 Kd7 43. Kf6 Ke8 44. Ke6 Rc6+ 45. Kd5 Rc7 46. Rf8+ 1-0